| 000 | 00645nab a2200217 a 4500 | ||
|---|---|---|---|
| 001 | 69635 | ||
| 003 | 143544 | ||
| 005 | 20201118110657.0 | ||
| 008 | ||||||n9999 ||| || || | ||
| 041 | _aspa | ||
| 100 | _aArgyris, Chris | ||
| 245 | 0 |
_aSistema de informacion gerencial : _bRacionalidad y emotividad pp.1041-1064 |
|
| 260 |
_aBuenos Aires : _bContabilidad Moderna, _c1973. |
||
| 562 | _e0 | ||
| 650 | _aGERENCIA DE RECURSOS DE INFORMACION | ||
| 650 | _aORGANIZACION FORMAL | ||
| 650 | _aRACIONALIDAD | ||
| 650 | _aSISTEMAS DE INFORMACIÓN | ||
| 773 |
_053232 _aAdministracion de empresas - Vol.3 No.35 (1973) |
||
| 942 | _cSART | ||
| 999 |
_c69635 _d69635 |
||